|
|
|
|
| LEADER |
00749naa a2200181 i 4500 |
| 001 |
acta61607 |
| 005 |
20260224081030.0 |
| 008 |
191021s2012 hu o 100 eng d |
| 040 |
|
|
|a SZTE Egyetemi Kiadványok Repozitórium
|b hun
|
| 041 |
|
|
|a eng
|
| 100 |
1 |
|
|a Divéki Gabriella
|
| 245 |
1 |
3 |
|a An online 1-dimensional clustering problem with variable sized clusters
|h [elektronikus dokumentum] /
|c Divéki Gabriella
|
| 260 |
|
|
|c 2012
|
| 300 |
|
|
|a 8
|
| 490 |
0 |
|
|a Conference of PhD Students in Computer Science
|v 8
|
| 695 |
|
|
|a Clusterek - előadáskivonat, Számítástechnika - előadáskivonat
|
| 710 |
|
|
|a Conference of PhD students in computer science (8.) (2012) (Szeged)
|
| 856 |
4 |
0 |
|u http://acta.bibl.u-szeged.hu/61607/1/cscs_2012_008.pdf
|z Dokumentum-elérés
|